000
00310nam a22001457a 4500
008
230524b ||||| |||| 00| 0 eng d
020
_a
6104504
041
_a
FRA
080
_a
82
082
_a
82SAR
100
_a
38
101
_a
GJL
245
_a
LE DIABLE ET LE BON DIEU
_c
SARTRE.P .J
942
_2
udc
_c
BK
999
_c
59819
_d
59819